Villes jumelées à Liège - Statistiques

Statistiques générales
  • Ce quiz a été pris 5 fois
  • Le résultat moyen est 10 sur 18
Statistiques - réponses
Pays (Année) Ville % Correct
Allemagne (1958) Cologne
100%
France (1958) Lille
100%
Pays-Bas (1955) Maastricht
100%
Portugal (1977) Porto
100%
Pays-Bas (1958) Rotterdam
100%
Italie (1958) Turin
100%
Allemagne (1955) Aix-la-Chapelle
75%
Pologne (1978) Cracovie
75%
Russie (1959) Volgograd (suspendu)
50%
Luxembourg (1958) Esch-sur-Alzette
25%
Belgique (1955) Hasselt
25%
Pays-Bas (1955) Heerlen
25%
République démocratique de Congo (1961) Lubumbashi
25%
France (1954) Nancy
25%
République tchèque (1965) Plzen
25%
Vanuatu (2012) Port-Vila
25%
Sénégal (1980) Saint-Louis
25%
Hongrie (2001) Szeged
25%
Aucun quiz correspondant
Distribution des résultats
% des personnes avec chaque résultat
Percentile par nombre de réponses
Votre historique - résultats
Vous n’avez pas pris ce quiz